Statistics for Thailand First Level Subdivisions

Click here to take the quiz!

General Stats

  • This quiz has been taken 72 times
  • The average score is 29 of 77

Answer Stats

Changwat% Correct
Bangkok
100%
Chiang Mai
81%
Phuket
81%
Chiang Rai
71%
Chonburi
62%
Krabi
62%
Trat
57%
Ayutthaya / Phra Nakhon Si Ayutthaya
52%
Lampang
52%
Surat Thani
52%
Yala
52%
Mae Hong Son
48%
Nan
48%
Nonthaburi
48%
Pattani
48%
Ranong
48%
Rayong
48%
Samut Prakan
48%
Tak
48%
Trang
48%
Udon Thani
48%
Buriram
43%
Kanchanaburi
43%
Khon Kaen
43%
Loei
43%
Pathum Thani
43%
Sing Buri
43%
Songkhla
43%
Sukhothai
43%
Surin
43%
Ubon Ratchathani
43%
Kalasin
38%
Nakhon Ratchasima
38%
Nakhon Sawan
38%
Nakhon Si Thammarat
38%
Narathiwat
38%
Phitsanulok
38%
Prachuap Khiri Khan
38%
Ratchaburi
38%
Chanthaburi
33%
Lamphun
33%
Lopburi
33%
Mukdahan
33%
Nakhon Pathom
33%
Nakhon Phanom
33%
Phang Nga
33%
Phetchabun
33%
Phetchaburi
33%
Roi Et
33%
Satun
33%
Sisaket
33%
Suphan Buri
33%
Nakhon Nayok
29%
Phatthalung
29%
Phrae
29%
Saraburi
29%
Uthai Thani
29%
Amnat Charoen
24%
Ang Thong
24%
Chai Nat
24%
Chaiyaphum
24%
Kamphaeng Phet
24%
Nong Bua Lam Phu
24%
Nong Khai
24%
Phayao
24%
Phichit
24%
Prachinburi
24%
Samut Sakhon
24%
Samut Songkhram
24%
Uttaradit
24%
Bueng Kan
19%
Chachoengsao
19%
Sa Kaeo
19%
Sakon Nakhon
19%
Yasothon
19%
Chumphun
14%
Maha Sarakham
14%

Score Distribution

Percentile by Number Answered

Percent of People with Each Score

Your Score History

You have not taken this quiz